[Event "July Lviv Tradition (IM-group)"]
[Site "Lviv"]
[Date "2015.07.27"]
[Round "1.1"]
[White "Sabuk, Piotr"]
[Black "Bebel, Arkadiusz"]
[Result "1/2-1/2"]
[WhiteElo "2340"]
[BlackElo "2307"]
[PlyCount "82"]
[EventDate "2015.07.27"]

1. Nf3 c5 2. c4 Nc6 3. b3 e5 4. Bb2 d6 5. g3 g6 6. Bg2 Bg7 7. O-O Nge7 8. Nc3
h5 9. a3 a5 10. e3 Bg4 11. h3 Bf5 12. d4 exd4 13. Nb5 O-O 14. exd4 d5 15. cxd5
Nxd5 16. Rc1 b6 17. Qd2 Nde7 18. Rfd1 cxd4 19. Nfxd4 Nxd4 20. Bxd4 Rc8 21. Rxc8
Nxc8 22. Bxg7 Qxd2 23. Rxd2 Kxg7 24. f4 Be6 25. Nd4 Kf6 26. Nxe6 Kxe6 27. Kf2
Nd6 28. Re2+ Kd7 29. Rc2 Rc8 30. Rxc8 Kxc8 31. g4 hxg4 32. hxg4 Kd7 33. Ke3 Nb5
34. a4 Nc7 35. Kd4 Kd6 36. Kc4 Ke6 37. b4 axb4 38. Kxb4 Kd6 39. Kc4 Ke6 40. Kd4
Kd6 41. Kc4 Ke6 $11 1/2-1/2

[Event "July Lviv Tradition (IM-group)"]
[Site "Lviv"]
[Date "2015.07.27"]
[Round "1.2"]
[White "Adamowicz, Katarzyna"]
[Black "Petrova, Irina"]
[Result "1/2-1/2"]
[WhiteElo "2158"]
[BlackElo "2173"]
[PlyCount "89"]
[EventDate "2015.07.27"]

1. e4 e5 2. Nf3 Nc6 3. Bb5 a6 4. Ba4 Nf6 5. O-O b5 6. Bb3 Bc5 7. c3 d6 8. d4
Bb6 9. Bd5 Nxd5 10. exd5 Ne7 11. dxe5 dxe5 12. c4 Bg4 13. Nbd2 O-O 14. h3 Bh5
15. Qe1 f6 16. b3 Bg6 17. Ne4 Nf5 18. Ba3 Re8 19. Qd2 bxc4 20. bxc4 Nd6 21.
Nxd6 cxd6 22. Rac1 Rc8 23. Nh4 e4 24. Rfe1 f5 25. Nxg6 hxg6 26. c5 Ba5 27. Bb4
Bxb4 28. Qxb4 dxc5 29. Rxc5 Rxc5 30. Qxc5 Re5 31. Rd1 f4 32. Qc4 Qd6 33. Qc6
Qxc6 34. dxc6 Rc5 35. Re1 Rxc6 36. Rxe4 Rc1+ 37. Kh2 Rc2 38. Ra4 Rxf2 39. Kg1
Rb2 40. Rxa6 Kh7 41. Ra8 g5 42. a4 Ra2 43. a5 Kg6 44. a6 g4 45. Rf8 1/2-1/2

[Event "July Lviv Tradition (IM-group)"]
[Site "Lviv"]
[Date "2015.07.27"]
[Round "1.3"]
[White "Doluhanova, Evgeniya"]
[Black "Bondarets, Vadim"]
[Result "1/2-1/2"]
[WhiteElo "2244"]
[BlackElo "2303"]
[PlyCount "80"]
[EventDate "2015.07.27"]

1. e4 e6 2. d4 d5 3. Nc3 Bb4 4. exd5 exd5 5. Bd3 c6 6. a3 Bd6 7. Qh5 g6 8. Qf3
Qf6 9. Qe2+ Ne7 10. Nf3 Bg4 11. Bg5 Qxg5 12. Nxg5 Bxe2 13. Kxe2 Nd7 14. Rae1 f6
15. Ne6 Kf7 16. Kf3 Rae8 17. h4 Nc8 18. Nf4 Rxe1 19. Rxe1 Re8 20. Rxe8 Kxe8 21.
h5 Bxf4 22. Kxf4 Kf7 23. g4 g5+ 24. Ke3 Nf8 25. Ne2 h6 26. Ng3 Nd6 27. b3 Ne6
28. Nf5 Nxf5+ 29. Bxf5 Nd8 30. c4 b6 31. c5 b5 32. b4 Ne6 33. Bxe6+ Kxe6 34. f3
Kd7 35. Kd3 Ke6 36. Ke3 Ke7 37. Kd3 Ke6 38. Ke3 Ke7 39. Kd3 Ke6 40. Ke3 Ke7
1/2-1/2

[Event "July Lviv Tradition (IM-group)"]
[Site "Lviv"]
[Date "2015.07.27"]
[Round "1.4"]
[White "Musiaka, Viktor"]
[Black "Katashuk, V."]
[Result "0-1"]
[WhiteElo "1938"]
[BlackElo "2201"]
[PlyCount "58"]
[EventDate "2015.07.27"]

1. e4 c5 2. Nf3 d6 3. d4 cxd4 4. Nxd4 Nf6 5. Nc3 g6 6. Bc4 Bg7 7. f3 Nc6 8. Be3
Qb6 9. Bb5 Qc7 10. Qd2 O-O 11. g4 a6 12. Be2 Nxd4 13. Bxd4 Be6 14. g5 Nd7 15.
Bxg7 Kxg7 16. h4 Qc5 17. f4 Nb6 18. h5 Rac8 19. O-O-O d5 20. hxg6 fxg6 21. f5
Bg8 22. Bg4 Rc6 23. Kb1 Nc4 24. Qh2 Qb4 25. Qh6+ Kh8 26. Na4 Na3+ 27. Ka1 Nxc2+
28. Kb1 Qxe4 29. b3 Qe5 0-1

[Event "July Lviv Tradition (IM-group)"]
[Site "Lviv"]
[Date "2015.07.27"]
[Round "1.5"]
[White "Odnorozhenko, Evgenyi"]
[Black "Mischuk, Dmitry"]
[Result "1/2-1/2"]
[WhiteElo "2300"]
[BlackElo "2337"]
[PlyCount "38"]
[EventDate "2015.07.27"]

1. c4 c6 2. d4 d5 3. Nf3 Nf6 4. Nc3 dxc4 5. e3 b5 6. a4 b4 7. Na2 e6 8. Bxc4
Nbd7 9. O-O Be7 10. Bd2 a5 11. Nc1 O-O 12. Nb3 c5 13. Qe2 Bb7 14. Rfd1 Qb6 15.
Rac1 Bc6 16. Bb5 Bd5 17. Bc4 Bc6 18. Bb5 Bd5 19. Bc4 Bc6 $11 1/2-1/2

[Event "July Lviv Tradition (IM-group)"]
[Site "Lviv"]
[Date "2015.07.28"]
[Round "2.1"]
[White "Bebel, Arkadiusz"]
[Black "Mischuk, Dmitry"]
[Result "0-1"]
[WhiteElo "2307"]
[BlackElo "2337"]
[PlyCount "46"]
[EventDate "2015.07.27"]

1. e4 c6 2. d4 d5 3. exd5 cxd5 4. c4 Nf6 5. Nc3 Nc6 6. Bg5 dxc4 7. d5 Ne5 8.
Qd4 Ng6 9. Bxc4 e5 10. Qd3 Bd6 11. Nge2 O-O 12. f3 h6 13. Bd2 e4 14. Nxe4 Nxe4
15. Qxe4 Re8 16. Qd4 Be5 17. Qf2 Bxb2 18. Rb1 Ne5 19. Bb5 Bd7 20. Qc5 a6 21.
Bxd7 Nd3+ 22. Kf1 Nxc5 23. Bxe8 Bf6 0-1

[Event "July Lviv Tradition (IM-group)"]
[Site "Lviv"]
[Date "2015.07.28"]
[Round "2.2"]
[White "Katashuk, V."]
[Black "Odnorozhenko, Evgenyi"]
[Result "1/2-1/2"]
[WhiteElo "2201"]
[BlackElo "2300"]
[PlyCount "113"]
[EventDate "2015.07.27"]

1. Nf3 e6 2. g3 d5 3. Bg2 Nf6 4. d4 Be7 5. O-O O-O 6. c4 b6 7. cxd5 exd5 8. Nc3
Bb7 9. Bf4 Na6 10. Rc1 h6 11. Qc2 Re8 12. Rfd1 Bf8 13. h3 Qd7 14. a3 c5 15. Be5
Qe6 16. Bxf6 Qxf6 17. dxc5 Nxc5 18. Nxd5 Bxd5 19. Rxd5 Rad8 20. Rxd8 Rxd8 21.
e3 Ne6 22. h4 Rd7 23. Qe2 Qd8 24. Bh3 Rc7 25. Rc4 Rxc4 26. Qxc4 Qd1+ 27. Kg2
Nc5 28. Nd4 Nd3 29. Qc3 Bc5 30. Bg4 Ne1+ 31. Kh3 Qb1 32. Bf5 Qd1 33. b4 Bf8 34.
Bg4 Qb1 35. Be2 g6 36. g4 Nc2 37. Kg2 Nxd4 38. Qxd4 Bg7 39. Qd5 Qa1 40. Qa8+
Bf8 41. Qxa7 Qa2 42. Qa6 Be7 43. h5 gxh5 44. gxh5 Kg7 45. Qc4 Qxa3 46. Qd4+ Kg8
47. Qxb6 Qxb4 48. Qxh6 Qd6 49. Qxd6 Bxd6 50. Bg4 Kg7 51. Kf3 f6 52. Ke4 Be5 53.
Kf5 Bb2 54. e4 Bd4 55. f4 Be3 56. Bf3 Bd2 57. e5 1/2-1/2

[Event "July Lviv Tradition (IM-group)"]
[Site "Lviv"]
[Date "2015.07.28"]
[Round "2.3"]
[White "Bondarets, Vadim"]
[Black "Musiaka, Viktor"]
[Result "1-0"]
[WhiteElo "2303"]
[BlackElo "1938"]
[PlyCount "67"]
[EventDate "2015.07.27"]

1. c4 Nf6 2. Nf3 g6 3. d4 d6 4. g3 Bg7 5. Bg2 O-O 6. O-O Nbd7 7. Nc3 c6 8. e4
e5 9. h3 Re8 10. Be3 Qc7 11. Qc2 Nf8 12. Rac1 h6 13. Rfd1 b6 14. b4 Nh5 15. b5
Bb7 16. bxc6 Bxc6 17. Nd5 Qd7 18. Rd2 Ba4 19. Qb1 exd4 20. Nxd4 Kh7 21. Nc3
Rac8 22. Qb4 Bc6 23. Ndb5 Bxc3 24. Nxc3 Re6 25. Rcd1 Rd8 26. h4 f5 27. exf5
gxf5 28. Bxc6 Qxc6 29. Nd5 Ng6 30. Qb1 Rf8 31. Qd3 Ne5 32. Qe2 Ng4 33. Rd4 Rg8
34. Qf3 {Black Time Zero} 1-0

[Event "July Lviv Tradition (IM-group)"]
[Site "Lviv"]
[Date "2015.07.28"]
[Round "2.4"]
[White "Petrova, Irina"]
[Black "Doluhanova, Evgeniya"]
[Result "1-0"]
[WhiteElo "2173"]
[BlackElo "2244"]
[PlyCount "103"]
[EventDate "2015.07.27"]

1. d4 Nf6 2. Bg5 e6 3. Nd2 c5 4. e3 d5 5. c3 h6 6. Bh4 Nbd7 7. Ngf3 Bd6 8. Bd3
Qc7 9. O-O b6 10. e4 dxe4 11. Nxe4 Nxe4 12. Bxe4 Rb8 13. Bg3 Bxg3 14. hxg3 O-O
15. Re1 Nf6 16. Bc2 Rd8 17. Qe2 Bb7 18. dxc5 Qxc5 19. Rad1 Qh5 20. Rxd8+ Rxd8
21. Rd1 Rc8 22. Rd4 b5 23. Qd2 Rf8 24. Rd8 Bd5 25. Rxf8+ Kxf8 26. c4 Bxf3 27.
Qd6+ Ke8 28. gxf3 Qxf3 29. Qb8+ Ke7 30. Qxa7+ Nd7 31. cxb5 Qe2 32. Qa3+ Kf6 33.
Qd3 Qe1+ 34. Kg2 Ke7 35. Qa3+ Kd8 36. Qc3 Qe2 37. a4 g5 38. Qd3 Qe1 39. Bd1 Ke7
40. Qa3+ Ke8 41. Bf3 Ne5 42. Qc3 Nxf3 43. Qxf3 f5 44. Qc6+ Ke7 45. b6 Qe5 46.
b7 f4 47. Qc3 Qe4+ 48. Qf3 Qe5 49. g4 Qxb2 50. a5 Kd7 51. a6 Kc7 52. a7 1-0

[Event "July Lviv Tradition (IM-group)"]
[Site "Lviv"]
[Date "2015.07.28"]
[Round "2.5"]
[White "Sabuk, Piotr"]
[Black "Adamowicz, Katarzyna"]
[Result "1-0"]
[WhiteElo "2340"]
[BlackElo "2158"]
[PlyCount "87"]
[EventDate "2015.07.27"]

1. d4 d5 2. c4 e6 3. Nf3 Nf6 4. g3 c6 5. Bg2 Bd6 6. O-O Nbd7 7. Nfd2 O-O 8. Nc3
Bc7 9. e4 dxe4 10. Ndxe4 Nxe4 11. Nxe4 e5 12. d5 cxd5 13. Bg5 f6 14. Qxd5+ Kh8
15. Be3 Nb6 16. Qxd8 Rxd8 17. b3 f5 18. Nc5 f4 19. Bc1 Rb8 20. Bb2 Bg4 21. Be4
Nd7 22. Nxb7 Rf8 23. Ba3 Rf6 24. Nc5 Nf8 25. Bb2 Rd8 26. b4 Be2 27. Rfc1 f3 28.
Bd5 Rf5 29. Ne4 Bb6 30. a4 Bd4 31. Ra2 h6 32. a5 Nd7 33. Nd6 Rff8 34. Nf7+ Rxf7
35. Bxf7 Nf6 36. h3 Ne4 37. Bxd4 exd4 38. Bg6 Nd6 39. c5 Nc4 40. c6 Ne5 41. c7
Rc8 42. Bf5 Nd3 43. Bxd3 Bxd3 44. Rd2 1-0

[Event "July Lviv Tradition (IM-group)"]
[Site "Lviv"]
[Date "2015.07.28"]
[Round "3.1"]
[White "Adamowicz, Katarzyna"]
[Black "Bebel, Arkadiusz"]
[Result "1/2-1/2"]
[WhiteElo "2158"]
[BlackElo "2307"]
[PlyCount "63"]
[EventDate "2015.07.27"]

1. e4 c5 2. Nf3 e6 3. d4 cxd4 4. Nxd4 Nf6 5. Nc3 d6 6. g4 h6 7. h3 Nc6 8. Bg2
a6 9. Be3 Bd7 10. Qe2 Be7 11. f4 Rc8 12. O-O-O Qc7 13. Bf3 Nxd4 14. Bxd4 e5 15.
Be3 Bc6 16. g5 hxg5 17. fxg5 Nd7 18. Bg4 b5 19. h4 b4 20. Nd5 Bxd5 21. Rxd5 Qc4
22. Bxd7+ Kxd7 23. Qg4+ Ke8 24. Rh2 g6 25. Kb1 Rc7 26. Rf2 Rh7 27. Bb6 Rc6 28.
Be3 Rc7 29. Bb6 Rc6 30. Be3 Rc7 31. Bb6 Rc6 32. Be3 $11 1/2-1/2

[Event "July Lviv Tradition (IM-group)"]
[Site "Lviv"]
[Date "2015.07.28"]
[Round "3.2"]
[White "Doluhanova, Evgeniya"]
[Black "Sabuk, Piotr"]
[Result "1/2-1/2"]
[WhiteElo "2244"]
[BlackElo "2340"]
[PlyCount "128"]
[EventDate "2015.07.27"]

1. e4 e5 2. Nf3 Nc6 3. Nc3 g6 4. d4 exd4 5. Nxd4 Bg7 6. Be3 Nf6 7. Nxc6 bxc6 8.
e5 Ng8 9. Bd4 Qe7 10. Qe2 Nh6 11. Ne4 O-O 12. Nf6+ Bxf6 13. exf6 Qxe2+ 14. Bxe2
Re8 15. Kd2 Nf5 16. Bc3 Nd6 17. f3 Nb5 18. Ba5 Bb7 19. Rae1 Re6 20. Bd3 Rxf6
21. a4 Nd6 22. Re7 c5 23. Rxd7 Bc6 24. Rxc7 Ne8 25. Re7 Bxa4 26. Ra1 Bc6 27.
Bc3 Rd6 28. Be5 Rdd8 29. Kc3 a5 30. Bc4 Bd5 31. Bxd5 Rxd5 32. Rxa5 Kf8 33. Rxa8
Kxe7 34. Bg3 Rd1 35. Bf2 Nc7 36. Bxc5+ Ke6 37. Rc8 Kd7 38. Rh8 h5 39. b4 Rh1
40. g4 Rxh2 41. gxh5 gxh5 42. Kd3 Rh3 43. Ke4 f5+ 44. Ke5 Rxf3 45. Rxh5 Rc3 46.
Rh2 Nb5 47. Kxf5 Kc6 48. Rh6+ Kd5 49. Rh2 Na3 50. Rd2+ Kc4 51. Rd4+ Kb5 52. Rd3
Kc4 53. Ke4 Nb1 54. Rxc3+ Nxc3+ 55. Ke3 Nb5 56. Kd2 Nc3 57. Bf8 Nd5 58. Ke2
Nc3+ 59. Ke3 Nb5 60. Kd2 Nc3 61. Bg7 Nd5 62. Bf8 Nc3 63. Kc1 Na2+ 64. Kd2 Nc3
1/2-1/2

[Event "July Lviv Tradition (IM-group)"]
[Site "Lviv"]
[Date "2015.07.28"]
[Round "3.3"]
[White "Musiaka, Viktor"]
[Black "Petrova, Irina"]
[Result "0-1"]
[WhiteElo "1938"]
[BlackElo "2173"]
[PlyCount "62"]
[EventDate "2015.07.27"]

1. e4 d6 2. Nf3 Nf6 3. Nc3 g6 4. g3 Bg7 5. Bg2 O-O 6. O-O Nc6 7. d3 Bd7 8. h3
Rb8 9. Be3 b5 10. Qd2 b4 11. Ne2 a5 12. Bh6 e5 13. Nh2 Qc8 14. g4 Ne8 15. Bxg7
Kxg7 16. f4 f6 17. f5 Ne7 18. g5 gxf5 19. gxf6+ Rxf6 20. Qg5+ Ng6 21. exf5 Rxf5
22. Rxf5 Bxf5 23. Ng3 Bxh3 24. Rf1 Bxg2 25. Kxg2 Qd8 26. Nh5+ Kg8 27. Qh6 Qh4
28. Rf3 Nf4+ 29. Rxf4 exf4 30. Nf3 Qg4+ 31. Kf2 Rb5 0-1

[Event "July Lviv Tradition (IM-group)"]
[Site "Lviv"]
[Date "2015.07.28"]
[Round "3.4"]
[White "Odnorozhenko, Evgenyi"]
[Black "Bondarets, Vadim"]
[Result "1/2-1/2"]
[WhiteElo "2300"]
[BlackElo "2303"]
[PlyCount "81"]
[EventDate "2015.07.27"]

1. d4 d5 2. c4 c6 3. Nf3 Nf6 4. Nc3 Bf5 5. cxd5 cxd5 6. Qb3 b6 7. Bg5 e6 8. e3
Nbd7 9. Nh4 Bg6 10. Nxg6 hxg6 11. Be2 Be7 12. h3 O-O 13. O-O a6 14. Rfc1 Qb8
15. Rc2 Rc8 16. Rac1 Bd6 17. Bxf6 Nxf6 18. a4 Qa7 19. Ne4 Rxc2 20. Nxf6+ gxf6
21. Rxc2 Qb7 22. Bd3 Kg7 23. Rc3 Rd8 24. Qc2 Rd7 25. b3 a5 26. Bb5 Rc7 27. Rxc7
Qxc7 28. Qxc7 Bxc7 29. Kf1 Bd6 30. Ke2 f5 31. f3 Kf6 32. Kd3 Kg5 33. Be8 Kf6
34. e4 fxe4+ 35. fxe4 dxe4+ 36. Kxe4 Ke7 37. Bb5 f5+ 38. Kd3 Kf6 39. Bc6 g5 40.
Bf3 Bg3 41. Bc6 $11 1/2-1/2

[Event "July Lviv Tradition (IM-group)"]
[Site "Lviv"]
[Date "2015.07.28"]
[Round "3.5"]
[White "Mischuk, Dmitry"]
[Black "Katashuk, V."]
[Result "1/2-1/2"]
[WhiteElo "2337"]
[BlackElo "2201"]
[PlyCount "81"]
[EventDate "2015.07.27"]

1. e4 e5 2. Nf3 Nc6 3. d4 exd4 4. c3 Nge7 5. cxd4 d5 6. e5 Bg4 7. Be3 g6 8. Bb5
Bg7 9. Nbd2 O-O 10. h3 Bxf3 11. Nxf3 f6 12. exf6 Bxf6 13. Bxc6 Nxc6 14. h4 Qe7
15. h5 g5 16. Qb3 Qb4+ 17. Qxb4 Nxb4 18. Kd2 h6 19. Rhc1 c6 20. Nh2 Rae8 21.
Ng4 Kg7 22. Rc3 Na6 23. Rb3 Rf7 24. Rf1 c5 25. Nxf6 Kxf6 26. dxc5 Re4 27. Rd3
Nb4 28. Rd4 Ke5 29. Rxe4+ dxe4 30. Ke2 Nd3 31. Rb1 a5 32. a3 a4 33. f3 Nf4+ 34.
Bxf4+ gxf4 35. fxe4 Rg7 36. Kf2 Rg3 37. Rc1 Rb3 38. Rc4 Rxb2+ 39. Kg1 Rb1+ 40.
Kh2 Rb2 41. Kg1 $11 1/2-1/2

[Event "July Lviv Tradition (IM-group)"]
[Site "Lviv"]
[Date "2015.07.29"]
[Round "4.1"]
[White "Bebel, Arkadiusz"]
[Black "Katashuk, V."]
[Result "1-0"]
[WhiteElo "2307"]
[BlackElo "2201"]
[PlyCount "121"]
[EventDate "2015.07.27"]

1. e4 Nf6 2. Nc3 d5 3. d3 dxe4 4. dxe4 Qxd1+ 5. Kxd1 Nc6 6. Bd3 Bg4+ 7. f3 Be6
8. Be3 O-O-O 9. a3 Ne5 10. Ke2 a6 11. f4 Nxd3 12. cxd3 g6 13. Nf3 Bg7 14. Rac1
Bg4 15. Rhd1 e6 16. h3 Bxf3+ 17. Kxf3 Nd7 18. Rc2 Kb8 19. b4 Bf8 20. Ne2 Bd6
21. Nc1 e5 22. g3 f5 23. exf5 gxf5 24. Nb3 b6 25. Nd2 exf4 26. gxf4 Nf6 27. Nc4
Nd5 28. Bd4 Rhg8 29. Nxd6 Rxd6 30. Rg1 Rxg1 31. Bxg1 Rh6 32. Rh2 Rh4 33. Be3
Kb7 34. Bc1 Kc6 35. Kg3 Rh6 36. Re2 Rg6+ 37. Kf2 Rf6 38. Re5 Kd6 39. Re8 Rh6
40. Kg3 Ne7 41. Bb2 Kd7 42. Rh8 Kc6 43. Be5 Kb5 44. Bxc7 Nd5 45. Bd8 Ka4 46.
Bg5 Re6 47. Rxh7 Re3+ 48. Kg2 Rxd3 49. Ra7 Kb5 50. h4 Rxa3 51. h5 Ne3+ 52. Kg3
Ng4+ 53. Kh4 Ra1 54. Be7 Rg1 55. Rb7 Kc6 56. Rxb6+ Kd7 57. Bc5 Rg2 58. Rxa6 Nh2
59. Kh3 Rc2 60. Rf6 Nf1 61. Rxf5 1-0

[Event "July Lviv Tradition (IM-group)"]
[Site "Lviv"]
[Date "2015.07.29"]
[Round "4.2"]
[White "Bondarets, Vadim"]
[Black "Mischuk, Dmitry"]
[Result "1/2-1/2"]
[WhiteElo "2303"]
[BlackElo "2337"]
[PlyCount "80"]
[EventDate "2015.07.27"]

1. c4 e6 2. Nf3 d5 3. b3 c5 4. cxd5 exd5 5. Bb2 d4 6. b4 Nc6 7. bxc5 Bxc5 8. g3
Nf6 9. Bg2 O-O 10. O-O Re8 11. Na3 Be6 12. Nc2 Qd7 13. e3 dxe3 14. dxe3 Qxd1
15. Rfxd1 Rad8 16. Ncd4 Nxd4 17. Bxd4 Bxd4 18. Nxd4 Bd5 19. Bxd5 Rxd5 20. Rdc1
Rd7 21. Rc2 g6 22. Rac1 h5 23. h3 Kg7 24. Kg2 Ne4 25. Kf3 Ng5+ 26. Kg2 Ne6 27.
Nb3 Red8 28. h4 Kf6 29. Kf3 Ke7 30. Ke2 b6 31. Rc6 Rd6 32. R6c2 R6d7 33. Rc6
Rb7 34. R1c4 Rd6 35. Rc8 Rd8 36. R8c6 Rbd7 37. Rc1 Rd6 38. R1c2 R8d7 39. Rc8
Rd5 40. R8c6 R5d6 1/2-1/2

[Event "July Lviv Tradition (IM-group)"]
[Site "Lviv"]
[Date "2015.07.29"]
[Round "4.3"]
[White "Petrova, Irina"]
[Black "Odnorozhenko, Evgenyi"]
[Result "1/2-1/2"]
[WhiteElo "2173"]
[BlackElo "2300"]
[PlyCount "79"]
[EventDate "2015.07.27"]

1. d4 e6 2. Nf3 Nf6 3. Bg5 c5 4. e3 h6 5. Bh4 b6 6. Nbd2 Bb7 7. Bd3 Be7 8. c3
O-O 9. O-O d6 10. e4 cxd4 11. cxd4 Nbd7 12. Qe2 e5 13. dxe5 Nxe5 14. Nxe5 dxe5
15. Bg3 Nd7 16. Nf3 Bf6 17. Rfd1 Qe7 18. Ba6 Bxa6 19. Qxa6 Nc5 20. Qe2 Rfd8 21.
Ne1 Bh4 22. Nc2 Bxg3 23. hxg3 Ne6 24. Qg4 Rxd1+ 25. Rxd1 Rd8 26. Ne3 Rxd1+ 27.
Qxd1 Qb4 28. Qc2 Nc5 29. Nc4 Qe1+ 30. Kh2 Nxe4 31. Nxe5 Nxg3 32. Nf3 Nf1+ 33.
Kg1 Qa1 34. Qc8+ Kh7 35. Qf5+ Kg8 36. Qc8+ Kh7 37. Qf5+ Kg8 38. Qc8+ Kh7 39.
Qf5+ Kg8 40. Qc8+ $11 1/2-1/2

[Event "July Lviv Tradition (IM-group)"]
[Site "Lviv"]
[Date "2015.07.29"]
[Round "4.4"]
[White "Sabuk, Piotr"]
[Black "Musiaka, Viktor"]
[Result "1-0"]
[WhiteElo "2340"]
[BlackElo "1938"]
[PlyCount "65"]
[EventDate "2015.07.27"]

1. d4 Nf6 2. c4 e6 3. g3 c5 4. Nf3 Nc6 5. d5 Nb8 6. Nc3 d6 7. Bg2 e5 8. O-O g6
9. Ne1 Qe7 10. Qa4+ Bd7 11. Qb3 Bc8 12. Qa4+ Bd7 13. Qc2 Bg7 14. e4 O-O 15. Bg5
h6 16. Bd2 Na6 17. Nd3 Rac8 18. a3 Kh8 19. Rae1 g5 20. Nd1 g4 21. f4 gxf3 22.
Rxf3 b5 23. N3f2 Nc7 24. b3 Nh7 25. Bh3 Ng5 26. Bxg5 hxg5 27. Bxd7 Qxd7 28. Ne3
Rb8 29. Nfg4 f6 30. Qg2 Ne8 31. Qh3+ Kg8 32. Nh6+ Bxh6 33. Qxd7 1-0

[Event "July Lviv Tradition (IM-group)"]
[Site "Lviv"]
[Date "2015.07.29"]
[Round "4.5"]
[White "Adamowicz, Katarzyna"]
[Black "Doluhanova, Evgeniya"]
[Result "0-1"]
[WhiteElo "2158"]
[BlackElo "2244"]
[PlyCount "132"]
[EventDate "2015.07.27"]

1. e4 c5 2. Nf3 d6 3. d4 cxd4 4. Nxd4 Nf6 5. Nc3 a6 6. g3 e5 7. Nde2 b5 8. Bg2
Bb7 9. O-O Nbd7 10. a4 b4 11. Nd5 Nxd5 12. exd5 a5 13. f4 Be7 14. g4 O-O 15.
Ng3 Ba6 16. Rf3 exf4 17. Rxf4 Qb6+ 18. Kh1 Rae8 19. Nf5 Bf6 20. Re4 Nc5 21. Re1
b3 22. Be3 bxc2 23. Qxc2 Qxb2 24. Qxb2 Bxb2 25. Rab1 Nd3 26. Re2 Be5 27. Rc2
Nb4 28. Rc7 Bd3 29. Rbc1 Bxf5 30. gxf5 Bb2 31. Re1 Nd3 32. Re2 Bd4 33. Bxd4
Rxe2 34. h3 Rd2 35. Bc3 Ra2 36. Bxa5 Ra1+ 37. Kh2 Rxa4 38. Bc3 h5 39. Bf3 Rf4
40. Bxh5 Rxf5 41. Bg4 Rxd5 42. Kg3 Rc5 43. Rxc5 Nxc5 44. Kf4 f5 45. Bf3 Ne6+
46. Kg3 g5 47. Bd5 Kf7 48. Bd2 Rg8 49. Bc4 Ke7 50. Bd3 Rf8 51. Bc4 f4+ 52. Kf3
Rc8 53. Bd3 Rh8 54. Bf1 d5 55. Kg4 Kf6 56. Bg2 Rh4+ 57. Kf3 Ke5 58. Kf2 Nd4 59.
Bc3 Rh7 60. Ke1 Ra7 61. Kd1 Ra3 62. Bb2 Ra2 63. Kc1 f3 64. Bxd4+ Kxd4 65. Bxf3
Rf2 66. Bg4 Ke3 0-1

[Event "July Lviv Tradition (IM-group)"]
[Site "Lviv"]
[Date "2015.07.29"]
[Round "5.1"]
[White "Doluhanova, Evgeniya"]
[Black "Bebel, Arkadiusz"]
[Result "1/2-1/2"]
[WhiteElo "2244"]
[BlackElo "2307"]
[PlyCount "69"]
[EventDate "2015.07.27"]

1. e4 e6 2. d4 d5 3. Nc3 Nf6 4. Bg5 dxe4 5. Nxe4 Be7 6. Bxf6 gxf6 7. Nf3 f5 8.
Ng3 c5 9. d5 Qb6 10. a4 Bf6 11. Bb5+ Bd7 12. O-O a6 13. Nh5 Be7 14. Ne5 axb5
15. Ng7+ Kd8 16. a5 Rxa5 17. Rxa5 Qxa5 18. Nxf7+ Kc8 19. Nxh8 Bf6 20. dxe6 Bxg7
21. exd7+ Nxd7 22. Nf7 Bxb2 23. Nd6+ Kb8 24. Nxf5 Qc7 25. Qe2 b4 26. Rd1 Nb6
27. Qe8+ Ka7 28. Nd6 Qc6 29. Qe2 c4 30. Qh5 Ka6 31. Qxh7 Nd5 32. Qg8 Nb6 33.
Qh7 Nd5 34. Qg8 Nb6 35. Qh7 $11 1/2-1/2

[Event "July Lviv Tradition (IM-group)"]
[Site "Lviv"]
[Date "2015.07.29"]
[Round "5.2"]
[White "Musiaka, Viktor"]
[Black "Adamowicz, Katarzyna"]
[Result "0-1"]
[WhiteElo "1938"]
[BlackElo "2158"]
[PlyCount "60"]
[EventDate "2015.07.27"]

1. e4 e5 2. Nf3 Nc6 3. Bc4 Bc5 4. O-O Nf6 5. d4 Bxd4 6. Nxd4 Nxd4 7. Bg5 h6 8.
Bh4 g5 9. f4 d5 10. fxg5 Bg4 11. Qe1 dxc4 12. g6 Ne2+ 13. Kh1 Nf4 14. g7 Rg8
15. Nc3 Qd6 16. Rxf4 exf4 17. e5 Qe6 18. Bxf6 f3 19. Qe3 fxg2+ 20. Kxg2 Rd8 21.
Qxh6 Qc6+ 22. Kg1 Qb6+ 23. Kg2 Qxb2 24. Rf1 Qxc3 25. Bxd8 Bh3+ 26. Kf2 Qxc2+
27. Ke1 Bxf1 28. Kxf1 Qd3+ 29. Ke1 Qxd8 30. h4 Qe7 0-1

[Event "July Lviv Tradition (IM-group)"]
[Site "Lviv"]
[Date "2015.07.29"]
[Round "5.3"]
[White "Odnorozhenko, Evgenyi"]
[Black "Sabuk, Piotr"]
[Result "1/2-1/2"]
[WhiteElo "2300"]
[BlackElo "2340"]
[PlyCount "88"]
[EventDate "2015.07.27"]

1. e4 e5 2. Nf3 Nc6 3. Nc3 Nf6 4. Bb5 Bb4 5. O-O O-O 6. d3 d6 7. Bg5 Bxc3 8.
bxc3 Qe7 9. Bxc6 bxc6 10. h3 h6 11. Be3 Be6 12. Nd2 Nd7 13. f4 f5 14. Qe1 Kh7
15. Kh2 a6 16. a3 Rab8 17. fxe5 Nxe5 18. exf5 Rxf5 19. Rxf5 Bxf5 20. Rb1 Rxb1
21. Nxb1 Qe6 22. Nd2 Qa2 23. Qc1 Qe6 24. Qe1 c5 25. Bf2 Qa2 26. Qc1 c4 27. Nxc4
Nxc4 28. dxc4 Qxc4 29. Qd2 Qa4 30. Bd4 c5 31. Bf2 Qxa3 32. Qxd6 Qxc3 33. Qxc5
Qxc2 34. Qxc2 Bxc2 35. Kg3 Be4 36. Be1 g5 37. h4 gxh4+ 38. Kxh4 Bxg2 39. Kg3
Bb7 40. Kf4 Kg6 41. Ke5 h5 42. Kd4 Kg5 43. Kc3 h4 44. Bxh4+ Kxh4 1/2-1/2

[Event "July Lviv Tradition (IM-group)"]
[Site "Lviv"]
[Date "2015.07.29"]
[Round "5.4"]
[White "Mischuk, Dmitry"]
[Black "Petrova, Irina"]
[Result "1-0"]
[WhiteElo "2337"]
[BlackElo "2173"]
[PlyCount "95"]
[EventDate "2015.07.27"]

1. e4 d6 2. d4 Nf6 3. Nc3 g6 4. Be3 a6 5. h3 b5 6. e5 Nfd7 7. Qf3 Nb6 8. a4 b4
9. Ne4 Be6 10. a5 Nd5 11. Ng5 Nxe3 12. fxe3 d5 13. Nxe6 fxe6 14. h4 c5 15. Qg4
Bh6 16. h5 Kd7 17. e4 Nc6 18. Nf3 Kc7 19. Qxe6 Qd7 20. Qxd7+ Kxd7 21. exd5 Nxd4
22. Nxd4 cxd4 23. Bd3 Bf4 24. hxg6 hxg6 25. Rxh8 Rxh8 26. Ke2 Bxe5 27. Bxa6 Bb8
28. Bd3 Kd6 29. Ra4 Kc5 30. a6 Ba7 31. Ra5+ Kd6 32. Rb5 Rb8 33. Rxb8 Bxb8 34.
Bxg6 Kxd5 35. g4 Ke5 36. Kf3 Kf6 37. Bd3 Ba7 38. b3 e6 39. Ke4 Kg5 40. Be2 Kf6
41. Bc4 Bb6 42. g5+ Kxg5 43. Bxe6 Kf6 44. Kd5 Ke7 45. Kc6 Ba7 46. Bf5 Kf6 47.
Bd3 Ke7 48. Kb7 1-0

[Event "July Lviv Tradition (IM-group)"]
[Site "Lviv"]
[Date "2015.07.29"]
[Round "5.5"]
[White "Katashuk, V."]
[Black "Bondarets, Vadim"]
[Result "1/2-1/2"]
[WhiteElo "2201"]
[BlackElo "2303"]
[PlyCount "113"]
[EventDate "2015.07.27"]

1. Nf3 Nf6 2. g3 d5 3. Bg2 Bf5 4. O-O h6 5. d3 Nbd7 6. b3 e6 7. Bb2 Bc5 8. Nbd2
O-O 9. Qe1 Qe7 10. e4 dxe4 11. dxe4 Bh7 12. a3 a5 13. Qe2 Rfd8 14. e5 Ne8 15.
Ne4 Ba7 16. Nfd2 Nc5 17. Nxc5 Qxc5 18. Ne4 Bxe4 19. Bxe4 c6 20. Bd3 Qf8 21.
Rfd1 g6 22. h4 h5 23. Kg2 Ng7 24. Be4 Rxd1 25. Rxd1 Rd8 26. Rd3 Rxd3 27. Bxd3
Qe7 28. a4 Bb6 29. Bc1 Nf5 30. Bg5 Qc5 31. Bf6 Kf8 32. Bxf5 exf5 33. Bg5 Ke8
34. Kf1 Qd5 35. Ke1 Kd7 36. c4 Qe4 37. f3 Qb1+ 38. Qd1+ Qxd1+ 39. Kxd1 Ke6 40.
f4 Bf2 41. Ke2 Bxg3 42. Kf1 Kd7 43. Ke2 Kc7 44. Kf1 Kb6 45. Ke2 Kc5 46. Kd3 Kb4
47. Kc2 Bf2 48. Be7+ Bc5 49. Bd6 b6 50. Kb2 b5 51. Bxc5+ Kxc5 52. Kc3 bxa4 53.
bxa4 Kb6 54. Kd4 Kc7 55. Kc5 Kd7 56. Kd4 Ke6 57. Ke3 $11 1/2-1/2

[Event "July Lviv Tradition (IM-group)"]
[Site "Lviv"]
[Date "2015.07.30"]
[Round "6.1"]
[White "Bebel, Arkadiusz"]
[Black "Bondarets, Vadim"]
[Result "1-0"]
[WhiteElo "2307"]
[BlackElo "2303"]
[PlyCount "99"]
[EventDate "2015.07.27"]

1. e4 d5 2. exd5 Qxd5 3. Nc3 Qa5 4. d4 Nf6 5. Nf3 Bg4 6. h3 Bh5 7. g4 Bg6 8. b4
Qb6 9. g5 Ne4 10. Nd5 Qd6 11. Bc4 Qd8 12. Bf4 Nd6 13. Bb3 e6 14. Ne3 Be7 15.
Rg1 Ne4 16. a3 Bh5 17. h4 O-O 18. Ng4 Nd7 19. Kf1 c6 20. Qe1 Nd6 21. c4 Kh8 22.
Qc3 b5 23. c5 Nf5 24. Re1 a5 25. Bc1 axb4 26. axb4 Nb8 27. Bb2 Na6 28. d5 cxd5
29. Nd4 Nxd4 30. Qxd4 Rg8 31. Nh6 Bf6 32. Nxf7+ Bxf7 33. gxf6 g6 34. h5 gxh5
35. Rxg8+ Qxg8 36. Rxe6 Qg4 37. Qxg4 hxg4 38. Re7 Rf8 39. Bxd5 Kg8 40. Bb7 Nxb4
41. c6 Nd5 42. c7 Nxe7 43. fxe7 Re8 44. c8=Q Rxc8 45. Bxc8 Bc4+ 46. Kg2 Kf7 47.
Ba3 Bd5+ 48. Kg3 Bc6 49. Bxg4 Kg6 50. Kh4 1-0